| 000 | 00577nam a22002057a 4500 | ||
|---|---|---|---|
| 999 |
_c10581 _d10581 |
||
| 003 | AR-CdUCM | ||
| 008 | 190401b ||||| |||| 00| 0 spa d | ||
| 020 | _a9972-728-08-0 | ||
| 040 |
_aMUNICIPALIDAD PROVINCIAL DEL CUSCO _cBIBLIOTECA MUNICIPAL DEL CUSCO |
||
| 082 |
_aES / 800 / _bV74 |
||
| 100 |
_aVirgilio _910581 |
||
| 245 | _aLa Eneida / | ||
| 260 |
_aLima : _bFondo editorial navarrete, |
||
| 300 |
_a127 paginas ; _c15 cm. |
||
| 505 | _aContenido :Eneida. | ||
| 650 |
_aLiteratura peruana _9169 |
||
| 650 |
_aBiografĂa _922 |
||
| 942 |
_2ddc _cLIBROS |
||
| 945 | _arum | ||